1081 1446 1775 1828 1157 1547 1044 1248 1946 1158 1835 1246 1368 1208 1812 1540 1015 1435 1170 1518 1262 1986 1953 1830 1513 1192 1514 1707 1705 1713 1916 1410 1238 1722 1108 1736 1304 1678 1954 1154 1495 1814 1786 1891 1435 1007 1856 1281 1263 1502 1242 1743 1959 1804 1928 1379 1305 1432 1713 1581 1926 1499 1006 1874 1784 1642 1613 1573 1806 1484 1336 1157 1055 1733 1912 1917 1903 1617 1195 1178 1867 1005 1205 1050 1957 1745 1398 1934 1491 1222 1981 1239 1554 1791 1346 1729 1791 1692 1313 BCNSPRNW ULIB Ver.6.0+V

เปลี่ยนเป็นภาษาไทย

Change to English
 แสดงรายละเอียดบรรณานุกรม
  กลับหน้าหลัก

Brief Record : Get Marc (ISO 2709) : E-mail record : QR code < ปิดหน้าต่าง
LEADER : 00000nam 2200000uu 4500
001    13399112519
003     ULIB
008    110819s2552||||th 000 0 tha d
020    9786165380058
050  4 LB3045^bด123ก 2552
100 0  ดนัย ไชยโยธา
245 10 การเขียนผลงานทางวิชาการและงานวิจัย/^cดนัย ไชยโยธา
250    พิมพ์ครั้งที่ 2
260    กรุงเทพฯ :^bโอเดียนสโตร์,^c2552
300    140 หน้า
945    ^p110^l0^i027289
945    ^p110^l0^i027288
995    ทศพร
999 ^a ทศพร
รายการนี้ยังไม่มีแท็ก
คุณยังไม่ได้ล็อกอิน คุณสามารถมีกิจกรรมร่วมกับเว็บไซต์ได้ แต่ต้องล็อกอินก่อน ::
  ล็อกอิน

รายการสื่อสารสนเทศ

ลำดับที่ ประเภท เลขเรียก/บาร์โค้ด สถานที่ สถานะ
- ไม่พบข้อมูล -

รายการใกล้เคียง
    ผู้แต่ง [ดนัย ไชยโยธา]

BibComment


ยังไม่เคยถูกคอมเมนท์

คอมเมนท์ทรัพยากรรายการนี้
  คอมเมนท์: การเขียนผลงานทางว..


 Copyright 2026. Bcnsprnw @Library